000 00619nam a2200277Ia 4500
005 20260324150759.0
008 008 260324s9999 xx 000 0 eng d
020 _a9781003213055
037 _aEBOOK
040 _aCRL
040 _beng
040 _cCRL
041 _2eng
041 _aeng
084 _qCRL
100 _aLeonard Woolf
_91205233
245 4 _aThe War for Peace
260 _bTaylor and Francis
260 _c1940
365 _a
365 _b170
856 _uhttp://www.taylorfrancis.com/books/9781003213055
942 _cEBOOK
999 _c1837661
_d1837661